Compendio de la historia universal hasta 1852 / (Record no. 167877)

MARC details
000 -LEADER
campo de control de longitud fija 01353nam a22002895i 4500
001 - NÚMERO DE CONTROL
campo de control 167877
003 - IDENTIFICADOR DE NÚMERO DE CONTROL
campo de control ES-MaACL
005 - FECHA Y HORA DE LA ÚLTIMA TRANSACCIÓN
campo de control 20250815062612.0
008 - DATOS DE LONGITUD FIJA--INFORMACIÓN GENERAL
campo de control de longitud fija 960520m18531856sp |||| | spa d
040 ## - FUENTE DE CATALOGACIÓN
Centro catalogador/agencia de origen CLM
Lengua de catalogación spa
Centro/agencia transcriptor CCPB | SIC
100 1# - ENTRADA PRINCIPAL--NOMBRE DE PERSONA
Nombre de persona Weber, Georg,
Fechas asociadas al nombre 1808-1888
9 (RLIN) 133891
245 10 - MENCIÓN DEL TÍTULO
Título Compendio de la historia universal hasta 1852 /
Mención de responsabilidad, etc. escrito en aleman por Gr. Weber ; traducido de la quinta edición ... y aumentado ... por Julian Sanz del Rio.
260 ## - PUBLICACIÓN, DISTRIBUCIÓN, ETC.
Lugar de publicación, distribución, etc. Madrid :
Nombre del editor, distribuidor, etc. [s.n.],
Fecha de publicación, distribución, etc. 1853-1856 (
Fabricante Imprenta de Diaz y Compañía ...)
300 ## - DESCRIPCIÓN FÍSICA
Extensión 4 v. ;
Dimensiones 21 cm.
505 8# - NOTA DE CONTENIDO CON FORMATO
Nota de contenido con formato Contiene: Vol. I. Historia de la Edad Antigua (458 p.) -- vol. II. Historia de la Edad Media (XL, 439 p.) -- vol. III. Historia del Renacimiento (XLII, 528 p.) -- vol. IV. Historia de las Revoluciones (XXXVIII, 561 p.)
594 ## - Nota al título y mención de responsabilidad
Nota al título y mención de responsabilidad En port. de los v. III y IV lleva el tit. de compendio doctrinal de la Historia Universal.
596 ## - NOTA AL PIE DE IMPRENTA
NOTA AL PIE DE IMPRENTA Vols. III y IV por la Imprenta Nacional.
597 ## - NOTA DE DESCRIPCIÓN FÍSICA
NOTA DE DESCRIPCIÓN FÍSICA Signaturizados.
597 ## - NOTA DE DESCRIPCIÓN FÍSICA
NOTA DE DESCRIPCIÓN FÍSICA Anteps.
650 #7 - PUNTO DE ACCESO ADICIONAL DE MATERIA--TÉRMINO DE MATERIA
Término de materia o nombre geográfico como elemento de entrada Historia universal
Fuente del encabezamiento o término embne
9 (RLIN) 13429
700 1# - ENTRADA AGREGADA--NOMBRE PERSONAL
Nombre de persona Sanz del Río, Julián,
Fechas asociadas al nombre 1814-1869
9 (RLIN) 132463
852 ## - LOCALIZACIÓN
Ubicación ES-MaACL
Número de control de estantería D-4116-18
Nota libre -- Enc. hol.
condición física -- Falto del t. IV
852 ## - LOCALIZACIÓN
Ubicación ES-MaACL
Número de control de estantería G-11362-65
Nota libre -- Enc. hol.
852 ## - LOCALIZACIÓN
Ubicación ES-MaACL
Número de control de estantería D-2298-01
Nota libre -- Enc. hol.
Holdings
Estatus retirado Estado de pérdida Estado de daño No para préstamo Colección Biblioteca de origen Biblioteca actual Ubicación en estantería Fecha de adquisición Total de préstamos Signatura topográfica completa Código de barras Visto por última vez Precio de reemplazo Tipo de ítem Koha
        Libros del s. XIX Biblioteca del Ateneo de Madrid Biblioteca del Ateneo de Madrid Sala Valle Inclán 17/01/2008   D-2298-01 901176124 23/02/2023 23/02/2023 Libro impreso antiguo
        Libros del s. XIX Biblioteca del Ateneo de Madrid Biblioteca del Ateneo de Madrid Sala Valle Inclán 17/01/2008   D-4116-18 901176122 23/02/2023 23/02/2023 Libro impreso antiguo
        Libros del s. XIX Biblioteca del Ateneo de Madrid Biblioteca del Ateneo de Madrid Sala Pecera Planta 3 17/01/2008   G-11362-65 1176123 23/02/2023 23/02/2023 Libro impreso antiguo